Triple bottom line reporting in Australia (Record no. 102924)

MARC details
000 -LEADER
fixed length control field 01061cam a2200241 4500
008 - FIXED-LENGTH DATA ELEMENTS--GENERAL INFORMATION
fixed length control field 030627n2003 000 0 eng u
020 ## - INTERNATIONAL STANDARD BOOK NUMBER
International Standard Book Number 0642549370
035 ## - SYSTEM CONTROL NUMBER
System control number (Sirsi) u122772
041 ## - LANGUAGE CODE
Language code of text/sound track or separate title eng
050 ## - LIBRARY OF CONGRESS CALL NUMBER
Classification number 333.72
-- 18
110 ## - MAIN ENTRY--CORPORATE NAME
Corporate name or jurisdiction name as entry element Environment Australia
9 (RLIN) 4470
245 ## - TITLE STATEMENT
Title Triple bottom line reporting in Australia
Remainder of title a guide to reporting against environmental indicators
260 ## - PUBLICATION, DISTRIBUTION, ETC.
Place of publication, distribution, etc. Canberra
Name of publisher, distributor, etc. Environment Australia
Date of publication, distribution, etc. 2003
520 ## - SUMMARY, ETC.
Summary, etc. Guidance published by the Australian Department of Environment and Heritage which is intended to assist companies and other organisations in measuring and voluntary reporting on their environmental performance. View at www.ea.gov.au.
650 ## - SUBJECT ADDED ENTRY--TOPICAL TERM
Topical term or geographic name entry element AUSTRALIA
650 ## - SUBJECT ADDED ENTRY--TOPICAL TERM
Topical term or geographic name entry element BENCHMARKING
650 ## - SUBJECT ADDED ENTRY--TOPICAL TERM
Topical term or geographic name entry element ENVIRONMENTAL PERFORMANCE
650 ## - SUBJECT ADDED ENTRY--TOPICAL TERM
Topical term or geographic name entry element PERFORMANCE MEASUREMENT
650 ## - SUBJECT ADDED ENTRY--TOPICAL TERM
Topical term or geographic name entry element TRIPLE BOTTOM LINE REPORTING
690 ## - LOCAL SUBJECT ADDED ENTRY--TOPICAL TERM (OCLC, RLIN)
Topical term or geographic name as entry element ENVIRONMENTAL AND LAND CONSULTANCY
856 ## - ELECTRONIC LOCATION AND ACCESS
Uniform Resource Identifier <a href="https://www.greenbiz.com/sites/default/files/document/CustomO16C45F42151.pdf">https://www.greenbiz.com/sites/default/files/document/CustomO16C45F42151.pdf</a>
Hours access method available View the guidance at www.greenbiz.com.
942 ## - ADDED ENTRY ELEMENTS (KOHA)
Suppress in OPAC 0
Holdings
Withdrawn status Lost status Source of classification or shelving scheme Damaged status Not for loan Home library Current library Shelving location Date acquired Total Checkouts Full call number Barcode Date last seen Copy number Price effective from Koha item type
    Dewey Decimal Classification     Virtual Virtual Online 27/06/2003   ONLINE PUBLICATION 122772-1001 06/08/2019 1 06/08/2019 Book